Schaum's outline of theory & problems of statistics (Record no. 7840)

000 -LEADER
fixed length control field 00549nam a2200205 4500
001 - CONTROL NUMBER
control field 7840
003 - CONTROL NUMBER IDENTIFIER
control field BD-DhUET
008 - FIXED-LENGTH DATA ELEMENTS--GENERAL INFORMATION
fixed length control field 141213b/xxu||||| |||| 00| 0 eng d
020 ## - INTERNATIONAL STANDARD BOOK NUMBER
International Standard Book Number 070602271
040 ## - CATALOGING SOURCE
Original cataloging agency DLC
Language of cataloging DLC
Transcribing agency BD-DhUET
082 ## - DEWEY DECIMAL CLASSIFICATION NUMBER
Classification number 519.9
Item number SPI/1961
100 ## - MAIN ENTRY--PERSONAL NAME
Personal name Spiegel , Murray R
245 ## - TITLE STATEMENT
Title Schaum's outline of theory & problems of statistics
250 ## - EDITION STATEMENT
Edition statement 1st ed.
260 ## - PUBLICATION, DISTRIBUTION, ETC. (IMPRINT)
Place of publication, distribution, etc. Singapore
Name of publisher, distributor, etc. McGraw Hill
Date of publication, distribution, etc. 1961
300 ## - PHYSICAL DESCRIPTION
Extent 359 p.
Other physical details ill.
Dimensions 27 cm.
490 ## - SERIES STATEMENT
Series statement Schaum's Outline Series
650 #0 - SUBJECT ADDED ENTRY--TOPICAL TERM
Topical term or geographic name as entry element Statistical mathematics
942 ## - ADDED ENTRY ELEMENTS (KOHA)
Koha item type General Book
Holdings
Lost status Price effective from Koha full call number Piece designation (barcode) Koha date last seen Source of classification or shelving scheme Koha item type Date acquired Not for loan Copy number Koha date last borrowed Location (home branch) Sublocation or collection (holding branch) Damaged status Koha normalized classification for sorting Koha issues (times borrowed) Shelving location Withdrawn status
 2014-12-13519.9/SPI/1961252192015-08-22 General Book2014-12-13 1 Central Library, BUETCentral Library, BUET 519_900000000000000_SPI_1961 Circulation section 
 2014-12-13519.9/SPI/1961661842017-02-06 General Book2014-12-13 2 Central Library, BUETCentral Library, BUET 519_900000000000000_SPI_1961 Circulation section 
 2014-12-13519.9/SPI/19613452014-12-13 General Book2014-12-13 3 Central Library, BUETCentral Library, BUET 519_900000000000000_SPI_1961 Circulation section 
 2014-12-13519.9/SPI/1961564832015-08-01 General Book2014-12-13 52015-08-01Central Library, BUETCentral Library, BUET 519_900000000000000_SPI_19611Circulation section 
 2014-12-13519.9/SPI/1961318472014-12-13 General Book2014-12-13 6 Central Library, BUETCentral Library, BUET 519_900000000000000_SPI_1961 Circulation section 
 2014-12-13519.9/SPI/1961318282014-12-13 General Book2014-12-13 7 Central Library, BUETCentral Library, BUET 519_900000000000000_SPI_1961 Circulation section 
 2014-12-13519.9/SPI/1961318432014-12-13 General Book2014-12-13 8 Central Library, BUETCentral Library, BUET 519_900000000000000_SPI_1961 Circulation section